000 00415nam a2200157Ia 4500
005 20250423095101.0
008 250422s9999 xx 000 0 und d
020 _a9780582254091
050 _aPR 2661 .M37/
100 _aMarlowe, Christopher
245 0 _aDoctor Faustus
260 _bLongman
300 _a172 p
650 _aFaust, -approximately 1540--Drama. Magicians--Drama. Germany--Drama.
942 _cBK
999 _c29189
_d29189